[Event "EU-chT (Men) 15th"]
[Site "Gothenburg"]
[Date "2005.08.02"]
[Round "4.2"]
[White "Smirin, Ilia"]
[Black "Pelletier, Yannick"]
[Result "1-0"]
[WhiteElo "2652"]
[BlackElo "2603"]
[Annotator "Finkel,A"]
[PlyCount "63"]
[EventDate "2005.07.30"]
[EventType "team-swiss"]
[EventRounds "9"]
[EventCountry "SWE"]
[SourceTitle "CBM 109"]
[Source "ChessBase"]
[SourceDate "2005.11.14"]
[SourceVersion "1"]
[SourceVersionDate "2005.11.14"]
[SourceQuality "1"]
[WhiteTeam "Israel"]
[BlackTeam "Switzerland"]
[WhiteTeamCountry "ISR"]
[BlackTeamCountry "SUI"]

1. e4 e6 2. d4 d5 3. Nd2 dxe4 4. Nxe4 Nd7 5. Bd3 Ngf6 6. Qe2 c5 7. Nf3 cxd4 8.
O-O Be7 ({In my opinion the most crucial continuation is} 8... Nxe4 $5 {
forcing white to give up the lightsquared bishop.} 9. Qxe4 (9. Bxe4) 9... Nc5
10. Bb5+ Bd7 11. Bxd7+ Qxd7 12. Qe5 d3 13. Be3 f6 14. Qh5+ Qf7 15. Qg4 $44 {
Mrugala,A-Hage,H/IECG email 2000}) 9. Nxd4 O-O (9... a6 10. Rd1 Qc7 11. c3 O-O
12. Bg5 Re8 13. Bc2 h6 14. Bh4 Nxe4 15. Qxe4 Bxh4 16. Qxh4 Nf6 17. Bb3 b6 18.
Re1 Bb7 $11 {Pokorna,R-Meier,G/Vienna 2005}) 10. Rd1 Ne5 $2 {[%csl Re5] The
knight is just badly placed on e5, so black shouldn't have played this move
under no circumstances.} (10... Qa5 11. c4 $6 a6 12. a3 Qh5 13. Nf3 Nxe4 14.
Bxe4 Nf6 15. Bd3 Bd7 16. b3 Bc6 $11 {Frindt,K-Siroky,J/Slovakia 2002}) 11.
Nxf6+ Bxf6 12. Be4 $1 $14 {[%csl Rc8]} Qb6 (12... Qc7 13. c3 (13. Bf4 $6 Qc4
14. Qe3 Ng4 15. Qh3 g6 $13) 13... Bd7 14. Bf4 $16 {[%cal Gf4c7]}) 13. c3 Ng6 {
Black has to waste another tempo to retreat with the knight, but the damage
has been already caused and it's pretty hard for him to accomplish development
of the queenside pieces.} 14. Be3 a6 (14... e5 15. Nc6 Qc7 16. Nb4 {[%cal
Gb4d5]} Nf4 17. Bxf4 exf4 18. Qh5 g6 19. Nd5 Qd6 20. Qf3 $16) 15. g3 $1 {
[%cal Gh2h5] Excellent move, preparing an advance of an h-pawn.} Qc7 (15... Bd7
16. h4 Qc7) 16. h4 Bd7 17. h5 Ne7 18. h6 e5 $6 {The second mistake in the game,
after which there is no way back for black. It was necessary to sacrifice a a
pawn on b7, getting some counterchances instead:} (18... g6 $142 19. Qf3 Be5
20. Bxb7 Rab8 21. Bxa6 Rxb2 22. c4 Bc8 23. Bb5 Bb7 24. Qg4 Nf5 25. Nxf5 exf5
26. Qh4 Re2 $132) 19. Nb3 $16 Rad8 (19... g6 20. Qf3 $16) 20. Qf3 Bc6 21. Nc5
Bxe4 (21... Qc8 22. Bxc6 bxc6 23. Ne4 Qf5 24. Kg2 Qxf3+ 25. Kxf3 Nd5 26. Bc5
Be7 27. Bxe7 Nxe7 28. Nc5 $16) 22. Nxe4 Qc6 23. Bc5 $1 Rfe8 24. Bd6 $1 $18 {
[%csl Rf6][%cal Ge4f6]} Kh8 25. Bxe7 (25. hxg7+ Bxg7 26. Qxf7 Qxe4 27. Bxe7
Rxd1+ 28. Rxd1 Qg6 29. Qxg6 hxg6 30. Rd7 b5 31. f3 $18) 25... Bxe7 (25... Rxd1+
26. Rxd1 Rxe7 27. Nxf6 $1 gxf6 28. Qxc6 bxc6 29. Rd8+ $18) 26. Qxf7 gxh6 (26...
Qg6 27. hxg7+ Qxg7 28. Qe6 $18) 27. Rxd8 Bxd8 28. Rd1 {[%cal Gd1d7]} Qg6 29.
Qxb7 Rf8 30. Rd6 Qf5 31. Qd5 Bg5 32. Re6 1-0

[Event "Carlos Torre Wimbledon 18th"]
[Site "Merida"]
[Date "2005.12.20"]
[Round "2.2"]
[White "Bruzon Batista, Lazaro"]
[Black "Akobian, Varuzhan"]
[Result "1/2-1/2"]
[WhiteElo "2677"]
[BlackElo "2600"]
[Annotator "Finkel,A"]
[PlyCount "98"]
[EventDate "2005.12.19"]
[EventType "k.o."]
[EventRounds "4"]
[EventCountry "MEX"]
[SourceTitle "CBM 111"]
[Source "ChessBase"]
[SourceDate "2006.04.04"]
[SourceVersion "1"]
[SourceVersionDate "2006.04.04"]
[SourceQuality "1"]

1. e4 e6 2. d4 d5 3. Nc3 Nf6 4. Bg5 dxe4 5. Nxe4 Nbd7 6. Nxf6+ Nxf6 7. Nf3 h6
8. Bxf6 Qxf6 9. Bd3 {A quite rare continuation. In most of the recent games
White opts for} (9. Bb5+ c6 10. Bd3) 9... Bd6 10. Qe2 Bd7 11. O-O O-O-O 12. Be4
g5 $6 {I don't really like this move. More in the spirit of the position is 12.
..Rhe8 with the idea to push e5.} (12... Kb8 13. c4 c5 $2 14. dxc5 Bxc5 15. b4
$1 $16 {Smyslov,V-Zagoriansky,E/Moscow 1945}) (12... Rhe8 $5 {[%cal Ge6e5]} 13.
c4 (13. Ne5 $5) 13... c6 14. Rad1 ({Nothing changed} 14. Rfd1 e5 15. c5 Bc7 16.
d5 cxd5 17. Rxd5 Bc6 18. Rxd8+ Rxd8 19. b4 Bxe4 20. Qxe4 Qc6 21. Qf5+ Qd7 $11)
14... e5 15. c5 Bc7 $11 {Kovalev,A-Dolmatov,S/Germany 1993/GER-chT}) 13. c4 {
May be even better was} (13. b4 $5 g4 14. Ne5 Bxe5 15. dxe5 Qg5 16. f4 gxf3 17.
Qxf3 $14) 13... g4 {Black doesn't really have a choice as after} (13... c5 $2
14. dxc5 Bxc5 15. b4 $1 $16 {[%csl Rb7] White gets a huge advantage.}) 14. Ne5
Bxe5 15. dxe5 Qg5 16. f4 gxf3 17. Rxf3 ({Not so clear was} 17. Qxf3 Qxe5 18.
Bxb7+ Kb8 19. Kh1 Qc5 $132 {[%cal Gc5b6,Gd7c6,Gf7f5] followed by Qb6 and Bc6.})
17... Be8 18. Re3 $1 {Preventing 18...Rd2.} (18. c5 $2 Rd2) 18... h5 19. c5 c6
20. Bf3 Rd4 $6 {A useless move after which Black is in serious troubles. It
was necessary to play} (20... f5 $5 21. exf6 Qxc5 22. Kh1 Bf7 23. Rf1 Qd4 $1
$132 {with counterchances.}) 21. a3 Bd7 22. Re1 f6 23. b4 a6 ({After} 23... f5
$2 24. Qb2 {White gets control over the d-file.} Rf4 25. Rd3 $16 {[%csl Rc8,
Rd7][%cal Ge1d1,Gb4b5]}) 24. exf6 Qxf6 25. Re5 $1 $16 {[%csl Re6,Rh5] An
excellent move. Black is forced to give up the pawn on e6 as White is
threatening to take on h5 with the rook.} (25. Bxh5 $5) 25... h4 26. Bg4 Kb8
27. Bxe6 Rd8 28. h3 Ka7 29. Bxd7 R8xd7 30. Rf1 Rf4 $6 ({It was better to keep
the rooks on the board by} 30... Qg6 $1) 31. Re4 Rxf1+ 32. Qxf1 Qh8 33. Kh2 $6
{In the queen's endgame Black keeps good drawing chances.} ({After} 33. Qe1
$142 $1 {[%csl Rh4] Black would hardly be able to hold the position.}) 33...
Rd4 34. Qf4 Rxe4 35. Qxe4 Qb8+ 36. Kh1 Qg3 37. a4 Ka8 38. a5 Ka7 39. Kg1 Ka8
40. Kf1 Ka7 41. Ke2 Qg5 42. Kd1 Qg3 43. Kc2 Ka8 44. Kd2 Ka7 45. Qg4 Qb3 46.
Qxh4 Qb2+ 47. Ke3 Qxg2 48. Qg4 Qc2 49. Kf4 Qc4+ $14 (49... Qc4+ 50. Kg5 Qg8+
51. Kf6 Qf8+ 52. Ke5 Qe7+ 53. Kf4 Qf7+ 54. Kg3 Qb3+ 55. Kh4 $14) 1/2-1/2

[Event "RUS-ch Superfinal"]
[Site "Moscow"]
[Date "2005.12.24"]
[Round "6"]
[White "Morozevich, Alexander"]
[Black "Zvjaginsev, Vadim"]
[Result "1/2-1/2"]
[WhiteElo "2707"]
[BlackElo "2659"]
[Annotator "Finkel,A"]
[PlyCount "103"]
[EventDate "2005.12.19"]
[EventType "tourn"]
[EventRounds "11"]
[EventCountry "RUS"]
[EventCategory "17"]
[SourceTitle "CBM 111"]
[Source "ChessBase"]
[SourceDate "2006.04.04"]
[SourceVersion "1"]
[SourceVersionDate "2006.04.04"]
[SourceQuality "1"]

1. e4 e6 2. d4 d5 3. Nc3 Nf6 4. Bg5 dxe4 5. Nxe4 Nbd7 6. Nxf6+ Nxf6 7. Bd3 $5 {
In my opinion this move is more promising than 7.Nf3.} (7. Nf3 h6 8. Bh4 c5)
7... h6 8. Bh4 c5 9. dxc5 Qa5+ 10. c3 Qxc5 (10... Bxc5 $2 11. Bxf6 gxf6 12. b4
$18) 11. Nf3 Be7 12. Qe2 O-O 13. O-O-O Bd7 (13... Rd8 14. Ne5 Rd5 (14... Nd7
15. Qe4 Bxh4 16. Qxh4 Rf8 17. Nf3 Ne5 $6 18. Nxe5 Qxe5 19. Rhe1 $36 {Palac,
M-Jaroka,S/Zuerich 2004}) 15. f4 a5 16. Kb1 Rb8 17. c4 Rd8 18. g4 $36 {Polgar,
S-Soos,B/Budapest 1991}) 14. Ne5 Ba4 (14... Bc6 15. Rhg1 (15. f4 Nd5 16. Bxe7
Qxe7 17. g3 Rac8 18. Rhe1 Ba4 $6 19. Qe4 Rxc3+ 20. Kb1 Rxd3 21. Rxd3 $16 {
Leventic,I-Petrov,J/Medulin 1997}) 15... Nd5 16. Bxe7 Qxe7 17. g3 Rac8 18. Kb1
Rfd8 19. f4 $14 {Hagarova,Z-Macak,S/Presov 2001}) 15. Rd2 a6 {[%csl Gb5][%cal
Ga4b5] The way I see it the idea behind this move is not to play ...b5 later
on, but to secure this square for the bishop.} (15... Rfd8 16. Re1 Be8 $13) 16.
Re1 Bc6 $6 {After the move in the game 15...a6 turns out to be a waste of time.
16...Bb5 looking for simplifications deserved attention.} (16... Rfd8 $2 17.
Nxf7 Kxf7 18. Qxe6+ Kf8 19. Bc4 $18) (16... Bb5 $5 17. Bxb5 Qxb5 (17... axb5
18. Bxf6 Bxf6 19. Nd7 Qa7 20. Nxf6+ gxf6 21. a3 $16 {[%csl Rg8][%cal Gd2d3,
Gd3g3,Ge2h5]}) 18. Bxf6 (18. Qxb5 axb5 19. Bxf6 Bxf6 20. Nd7 Rxa2 21. Nxf6+
gxf6 22. Kc2 $11) 18... Qxe2 19. Rexe2 Bxf6 20. Rd7 $14) 17. f4 {Moro prefers
to keep the pressure, even though White could've definitely tried} (17. Ng6 $5
fxg6 18. Qxe6+ Rf7 19. Bxg6 Raf8 20. Re5 Qa7 21. g4 $14 {with a very promising
position.}) 17... Nd5 18. Qe4 f5 {[%csl Re6] After the move in the game Black
is left with a weakness on e6 for good.} (18... Nf6 19. Qc4 Qxc4 20. Bxc4 Nd5
21. Bxe7 (21. Nxc6 $2 Bxh4) 21... Nxe7 22. Nxc6 Nxc6 $14) 19. Bxe7 Nxe7 20. Qc4
$6 {I think it was better to keep the queens by} (20. Qe2 $1 {[%cal Gg2g5]})
20... Qxc4 21. Nxc4 Rf6 (21... Bd5 $5 22. Nb6 Rad8 23. Nxd5 Nxd5 24. Bc4 Nxf4
25. g3 Rxd2 26. Kxd2 Rc8 27. Bb3 Rd8+ 28. Kc2 Nd5 29. Rxe6 Kf8 $14) 22. Na5 g5
23. Nxc6 bxc6 (23... Nxc6 24. Bc4 Re8 25. Rd6 Kf7 26. g3 $16) 24. Bf1 gxf4 25.
Rd6 {White's chances are clearly better in the endgame, but Zvjaginsev manages
to hold the position by stubborn defense.} Kf7 26. Bc4 Nd5 27. Re5 (27. Rxc6
Ne3 28. g3 Nxc4 29. gxf4 Nxb2 30. Rc7+ Kf8 31. Kxb2 $14) 27... Rc8 28. Rd7+ Ke8
29. Ra7 Rc7 (29... Rd8 30. Be2 $14) 30. Rxa6 Kf7 31. Bxd5 cxd5 32. Kd2 Rc4 (
32... Rg6 $5) 33. Ra7+ Ke8 34. Re2 Re4 35. b4 e5 36. b5 Kd8 37. a4 Rg6 38. a5 (
38. Rf2 Kc8 39. Kc2 Kb8 40. Rd7 Rxa4 41. Kb3 Re4 42. Rxd5 Kc7 43. Rfd2 $14)
38... Rxe2+ 39. Kxe2 Rxg2+ 40. Kf3 Rb2 41. b6 $6 (41. Rb7 $5 Kc8 (41... Rc2 $6
42. a6 Rxc3+ 43. Ke2 Re3+ (43... Kc8 44. Re7 $18) 44. Kf2 Ra3 45. a7 Ra2+ 46.
Ke1 Ra1+ 47. Kd2 Ra2+ 48. Kc3 f3 49. Rb8+ Kc7 50. a8=Q Rxa8 51. Rxa8 f2 52. Ra1
e4 53. Rf1 e3 54. Kd3 f4 55. Ke2 $18) 42. a6 Rb3 43. Re7 $16) 41... Kc8 $1 $11
(41... d4 $2 42. Ra8+ Kd7 43. a6 Rxb6 44. a7 Ra6 45. Rh8 $18) 42. Rc7+ Kb8 43.
Rc5 d4 44. cxd4 Rb3+ 45. Kf2 Rb2+ 46. Kf1 exd4 47. Rxf5 d3 48. Rd5 Ra2 49. h4
h5 50. Rxd3 Rxa5 51. Kf2 Ra2+ 52. Kf3 1/2-1/2

[Event "RUS-Cup9"]
[Site "Novgorod"]
[Date "1997.??.??"]
[Round "6"]
[White "Zakharov, Alexander V"]
[Black "Dokutchaev, Aleksander"]
[Result "1-0"]
[WhiteElo "2375"]
[BlackElo "2440"]
[Annotator "Finkel,A"]
[PlyCount "75"]
[EventDate "1997.06.11"]
[EventType "swiss"]
[EventRounds "9"]
[EventCountry "RUS"]
[SourceTitle "CBM 060"]
[Source "ChessBase"]
[SourceDate "1997.09.29"]
[SourceVersion "1"]
[SourceVersionDate "1997.09.29"]
[SourceQuality "1"]

1. e4 {Finkel,A} e6 2. Nf3 d5 3. Nc3 dxe4 4. Nxe4 Nd7 5. d4 Ngf6 6. Nxf6+ Nxf6
7. c3 c5 8. Be3 {Very logical move.White has tried 8.Bg5 and 8.Bb5,but did'nt
reach any opening advantage:} (8. Bg5 {Finkel,A} Be7 9. Bxf6 $6 (9. Bb5+ Bd7
10. Qa4 Bxb5 11. Qxb5+ Qd7 12. Qxd7+ Nxd7 13. Bxe7 Kxe7 $11) 9... gxf6 $6 (9...
Bxf6 $1 10. Bb5+ Bd7 11. Qa4 cxd4 12. Rd1 Bxb5 13. Qxb5+ Qd7 14. Qxd7+ Kxd7 15.
Nxd4 Ke7 $15) 10. Qa4+ (10. Qb3 $5 Qc7 11. d5 Bd7 12. Bc4 Qf4 $5 13. O-O Rg8
$132) 10... Bd7 11. Bb5 a6 12. Bxd7+ Qxd7 13. Qxd7+ Kxd7 14. O-O-O cxd4 15.
Nxd4 Kc7 $11 {Van den Berg,A-Bohm,H/NLD-chT 1995 (28)}) (8. Bb5+ {Finkel,A} Bd7
9. Bxd7+ Qxd7 10. Be3 cxd4 11. Bxd4 Be7 12. O-O O-O 13. Qe2 Qc7 14. Rad1 Rfd8
$11 {Dvoirys,S-Zakharevich,I/1/2 final Russia Cup, Perm RUS 1997 (21)}) 8...
Qc7 (8... cxd4 {Finkel,A} 9. Bxd4 Be7 10. Ne5 O-O 11. Bd3 Qc7 12. O-O Rd8 13.
Qf3 $14) 9. Ne5 Bd6 (9... a6 {Finkel,A} 10. Qa4+ Nd7 (10... Bd7 $5 {Finkel,A}
11. Nxd7 Nxd7 12. O-O-O O-O-O 13. Be2 $14) 11. O-O-O $36 Bd6 (11... Rb8 $2 {
Finkel,A} 12. dxc5 $1 $16) (11... cxd4 {Finkel,A} 12. Bxd4 Bd6 13. Nxd7 Bxd7
14. Qc4 $1 $14) 12. Nc4 Bf4 13. g3 Bxe3+ 14. Nxe3 $14 {Dvoirys,S-Zakharevich,I/
RUS-Cup9 Novgorod (2) 1997 (42)}) 10. Bb5+ Ke7 (10... Nd7 $2 11. Nxd7 Bxd7 12.
Bxd7+ Qxd7 13. dxc5 $16) 11. Nc4 $1 Bd7 $6 {The arising endgame is quiet
unpleasent for black so serious attention deserved} (11... Bf4 $5 12. dxc5 Rd8
(12... Bxe3 13. Qd6+ Qxd6 14. cxd6+ Kd8 15. fxe3 $16) 13. Qf3 Bxe3 14. Qxe3 Bd7
15. Bxd7 Nxd7 16. b4 $14 {with slightly inferior position.}) 12. Bxd7 Nxd7 13.
Nxd6 Qxd6 14. dxc5 Qxd1+ $8 (14... Nxc5 15. Qxd6+ Kxd6 16. O-O-O+ Kc6 17. Bxc5
Kxc5 18. Rd7 $16 {[%cal Gd7f7,Gd7b7]}) 15. Rxd1 $14 Rhc8 16. Ke2 (16. b4 $6 b6
$1 17. Ke2 bxc5 18. Rd2 $1 cxb4 19. Rhd1 Nf6 20. cxb4 Nd5 $11) 16... Nxc5 17.
Rd4 Rc7 18. Rhd1 f6 19. c4 {There is no doubt that with correct defense black
should hold this position,but in practice it is not so easy because white's
advantage is may be not very big,but longlasting;and it's quiet difficult to
play under pressure,where the value of each move risesvery significiently.}
Rac8 20. b3 Rd7 $5 21. Rxd7+ Nxd7 22. Bxa7 $6 {Making black's defensive task
much easier.Better was} (22. f4 b6 23. Kd2 Rc6 24. Kc3 Rd6 25. Rxd6 Kxd6 26. b4
$14) 22... Ra8 23. Bd4 Rxa2+ 24. Rd2 Rxd2+ 25. Kxd2 Kd6 {Now white's advantage
is symbolical and game should end up in a draw.} 26. b4 Kc6 27. b5+ Kd6 28. f4
Nc5 29. Bb2 Kc7 30. Ke3 Nb3 $6 {Inaccuracy,however without any consequences.
Much safer was to put a knight on d7.} 31. Ba3 Kd7 32. Kd3 b6 33. Bb4 $1 {
Covering square a5.} Nc5+ 34. Kd4 $14 (34. Bxc5 $5) 34... Nb3+ 35. Ke4 g6 36.
g4 Nc1 37. Ba3 Ne2 $4 {Incredable blunder which is very difficult to explain.
Black moves his knight to a square from which there is no way out.After normal}
(37... Nb3 $14 {white has to try very hard to make any progress.}) 38. Bb2 $1 {
Now the knight is trapped and the game is over.} 1-0

[Event "EU-ch 2nd"]
[Site "Ohrid"]
[Date "2001.06.01"]
[Round "1"]
[White "Azarov, Sergei Nikolaevich"]
[Black "Anastasian, Ashot"]
[Result "0-1"]
[WhiteElo "2452"]
[BlackElo "2574"]
[Annotator "Finkel,A"]
[PlyCount "172"]
[EventDate "2001.06.01"]
[EventType "swiss"]
[EventRounds "13"]
[EventCountry "YUG"]
[SourceTitle "CBM 084"]
[Source "ChessBase"]
[SourceDate "2001.09.13"]
[SourceVersion "1"]
[SourceVersionDate "2001.09.13"]
[SourceQuality "1"]

1. e4 {Wells. Hecht} e6 2. d4 d5 3. Nd2 Be7 4. Ngf3 Nf6 5. Bd3 dxe4 6. Nxe4
Nbd7 7. O-O (7. Qe2 Nxe4 8. Bxe4 c5 9. Be3 (9. c3 Nf6 10. Bc2 cxd4 11. Nxd4 Bd7
12. O-O O-O 13. Bf4 Bc6 $5 14. Nxc6 bxc6 15. Be5 $14 {Fedorowicz,J-Lein,A/
Estes Park USA ch 1986/1/2-1/2 (45)}) (9. O-O Nf6 $6 (9... O-O 10. Rd1 Qc7 11.
Bg5 $5 Bxg5 12. Nxg5 Nf6 13. Bf3 cxd4 14. Rxd4 Qc5 15. Qd2 e5 16. Rd6 Bf5 $11 {
Hector,J-Martin,A/Festuge op 1991 (70)}) 10. dxc5 $1 Nxe4 11. Qxe4 Bxc5 12. Qe5
Bf8 13. Re1 $36 {Tseshkovsky Vitaly-Doroshkievich Vladimir K/Tournament,
Novorossijsk (Russia) 1995 (38)}) 9... Qc7 (9... O-O 10. c3 (10. O-O-O $5 Qc7
11. h4 Nf6 12. Bd3 b6 13. dxc5 bxc5 $1 14. Bg5 Bb7 15. Ne5 Rad8 $132 {Luther,
T-Paehtz,T/Altensteig 1990 (23)}) 10... Nf6 11. Bc2 b6 12. O-O-O Qc7 13. Ne5
Bb7 14. Bf4 Bd6 15. Kb1 b5 $2 16. dxc5 $1 $16 {Dimitrov,V-Happel,H/Cordoba op
1994 (27)}) 10. O-O-O Nf6 11. Bd3 O-O 12. h3 $6 b6 13. Rhe1 Bb7 14. g4 Rac8 15.
Ne5 Nd5 $15 {Ryan,R-Myers,D/cr 1987 (36)}) 7... Nxe4 (7... c5 $6 {66/248}) 8.
Bxe4 c5 9. c3 Qc7 (9... O-O 10. Bc2 (10. Be3 Nf6 11. Bc2 b6 12. Qe2 Bb7 13.
dxc5 bxc5 14. Ne5 Nd5 15. Rad1 Qc7 $13 {Beliavsky,A-Seirawan,Y/Reykjavik WCup
1991}) (10. Qc2 Nf6 11. Bd3 cxd4 12. Nxd4 Bd7 13. Bf4 g6 14. Rad1 Qa5 15. Rfe1
Rac8 16. Qb1 Rfd8 $11 {Gorjatchev,V-Haba,P/Ceske Budejovice op 1996}) (10. Be3
{52/274}) 10... cxd4 (10... Nf6 11. Bg5 (11. dxc5 $5) (11. Qd3 b6 12. Bg5 g6
13. Rfd1 Bb7 14. dxc5 Qxd3 15. Rxd3 bxc5 $13 {Brady,S-Lupu,M/Haifa 1989/EU-chT}
) 11... cxd4 12. Nxd4 Bd7 (12... Qd5 $1 13. f4 (13. Nf3 $5 $14) 13... b6 14.
Bb3 Qd7 15. Re1 Rd8 $132) 13. Re1 Nd5 14. Qd3 g6 15. Bh6 Re8 16. Qd2 $14 {
Rodriguez,A-Perez,R/Matanzas 1997/CBM 57}) 11. Qxd4 Nc5 12. Qg4 e5 13. Qh5 e4
14. Rd1 Qc7 15. b4 Nd3 16. Bxd3 exd3 17. Rxd3 a5 18. b5 {1/2-1/2 Magem Badals,
J-Hodgson,J/France 1999/EXT 2000 (18)}) 10. Bc2 (10. Qe2 O-O 11. Rd1 Rd8 (11...
cxd4 12. cxd4 $5 (12. Nxd4 Nf6 (12... Nc5 $6 13. Bc2 b6 14. b4 Nb7 15. Qe4 f5
16. Qf3 $36) 13. Bc2 Rd8 14. Bg5 $14) 12... Nf6 13. Bg5 (13. Bd3) 13... Bd7 14.
Rac1 Qb6 15. Ne5 $6 Bb5 16. Qf3 Rad8 $132 {Kudrin,S-Christiansen,L/Salt Lake
City 1999/CBM 73}) (11... Nf6 12. Bg5 $1 h6 $6 (12... Nxe4 $1 13. Qxe4 Bd6 14.
Be3 $1 f6 15. Rd2 $5 (15. dxc5 Bxc5 16. Bxc5 Qxc5 17. Rd2 Qa5 $1 $11) 15...
cxd4 16. Rxd4 e5 17. Qd5+ Rf7 18. Rd2 Be7 19. Rad1 $14) 13. Bxf6 Bxf6 14. Qc4
$1 $14 {[%cal Gc4c7]} Be7 15. b4 f5 $8 16. Bd3 b5 $8 17. Qxb5 cxb4 18. cxb4 Rb8
19. Qa5 Qxa5 20. bxa5 $16 {Yermolinsky,A-Seirawan,Y/Hoogovens 1997 .}) 12. Bc2
cxd4 13. Rxd4 e5 14. Bf4 f6 15. Rad1 Nf8 16. Rxd8 Bxd8 17. Bg3 $13 {Emma,
J-Schweber,S/Villa Gesell 1969/EXT 99}) 10... O-O 11. Bg5 (11. Re1 Rd8 12. Qd3
Nf8 13. Qe4 Bd7 14. Ne5 cxd4 15. Qxd4 Be8 $132 {Psakhis,L-Bertholee,R/OHRA-B
1990}) 11... Nf6 (11... Bxg5 $6 12. Nxg5 Nf6 13. Qd3 c4 14. Qf3 $14) 12. dxc5
$6 {Inaccuracy permitting black to equalize.} (12. Qd3 $5 g6 13. Rad1 b6 14.
Rfe1 Bb7 15. Ne5 Rfd8 16. Qh3 $1 $36 {[%cal Ge5f7]}) 12... Rd8 13. Qe2 Qxc5 14.
Ne5 (14. Rad1 Bd7 15. Rfe1 Be8 16. Be3 Qh5 $11) 14... h6 15. Bh4 Bd7 16. Nxd7 (
16. Rad1) 16... Rxd7 17. Rad1 Rad8 18. Rxd7 Rxd7 19. Rd1 Rxd1+ 20. Bxd1 Bd6 21.
Bc2 $6 {Queen+knight versus queen+bishop is usually estimated as equal, but
the side which has Q+N has the potential to get an advantage, so better was} (
21. Bxf6 $11) 21... g5 $1 22. Bg3 Bxg3 23. hxg3 Kg7 {The position still
remains equal,but combined efforts of queen and knight give black some hop to
sieze the initiative.} 24. a3 b6 {'=/+' Wells. Wells: 'Perhaps!'} 25. Qd3 {
'?!' Wells. Wells: 'By no means a serious error, but perhaps a first sign that
white is a little too optimistic.'} Ng4 26. Qd2 a5 27. b4 {'?!' Wells. Wells:
'This however, simply looks weakening. It is one thing to try and push your
pawn majority, but soon white finds that he has weakened squares which can be
attacked by a knight but not defended by a light-squared bishop. Too purist?
Maybe, but it is also a bad sign when white feels obliged to recapture 'away
from the centre' in a couple of moves time.'} Qe5 28. Kf1 $6 (28. Qd4 $5 Qxd4
29. cxd4 axb4 30. axb4 Nf6 31. Bb3 $11) (28. bxa5 $5) 28... Nf6 $15 29. Qd3
axb4 30. cxb4 {Wells: 'Goes against the grain a little, but the alternative'} (
30. axb4 Nd5 31. Qh7+ Kf8 32. Qxh6+ Ke7 $15 {[%csl Rb4,Rc3]}) 30... Qa1+ 31.
Ke2 Qe5+ 32. Kd2 (32. Qe3 $5) 32... Nd5 33. Qe4 (33. Qh7+ $5 Kf8 34. Qxh6+ Ke7
(34... Ke8 $5) 35. Kd1 (35. Qh5 {Wells} Qd4+ 36. Ke1 $13) 35... Qa1+ 36. Kd2
Qc3+ 37. Kd1 $11) 33... Qb2 34. Qd3 $6 (34. Qh7+ Kf8 35. Qxh6+ Ke8 36. Qxg5
Qxa3 $36) 34... Kf8 $1 35. f3 $6 {[%csl Rg3]} Ke7 36. g4 Qe5 $1 $17 {[%cal
Ge5g3] '-/+' Wells. Wells: 'and there is no longer much doubt. White has two
weak pawns, and is likely to suffer on the dark squares.'} 37. Bb1 (37. Bb3 Nf4
$17) 37... Qg3 38. Bc2 Qxg2+ 39. Kc1 Qf2 40. Qe4 Ne3 41. Bb3 Qe1+ 42. Kb2 Qd2+
43. Ka1 Kd6 44. Qb7 Qc3+ (44... Qd4+ $5 45. Ka2 Nd5 46. Qxf7 Nc3+ 47. Kb2 Na4+
48. Kc1 Qb2+ $19) 45. Ka2 Qc7 46. Qe4 Nd5 47. Bxd5 exd5 48. Qf5 Qc4+ {[%cal
Gc4e2,Ge2e6]} 49. Kb2 Qe2+ 50. Kb3 Qe6 51. Qd3 d4+ 52. Kc2 Qa2+ 53. Kd1 Qb2 54.
Qc4 f6 55. a4 Qa1+ 56. Ke2 Qxa4 57. Qxd4+ Kc7 58. Qxf6 (58. Ke3 Qc6 59. Kf2 $17
) 58... Qb5+ 59. Kf2 Qxb4 60. Qg7+ Kc8 61. Qxh6 Qc5+ 62. Kg2 b5 63. Kg3 b4 64.
Kh3 Qd5 $2 65. Kg3 $2 (65. Qf8+ Kd7 66. Qxb4 Qxf3+ 67. Kh2 $11) 65... b3 66.
Qg7 Qd6+ 67. Kh3 Qd3 68. Kg3 Qb5 69. Qf8+ Kb7 70. Qe7+ Kc6 71. Qf6+ Kc5 72.
Qxg5+ Kb4 {Hecht: '[#] Die weißen Bauern sind kein Gewinn-, wohl aber ein
Remispotenzial, denn sie bieten Schutz vor Gegenschachs. '} 73. Qf6 Ka4 74. Qb2
(74. Qa1+ {Hecht} Kb4 $11) 74... Qd5 75. Qc1 Kb4 76. Qe1+ Kb5 77. Qc3 Qc4 78.
Qe5+ Qc5 79. Qf6 Qc2 80. Qe5+ Kb4 81. Qd4+ Qc4 82. Qb6+ Kc3 83. g5 b2 84. g6
Qd4 85. Qc6+ {'?' Hecht.} (85. Qc7+ $2 {Hecht} Kd3 86. Qh7 Qg1+ 87. Kf4 Qc1+
88. Kg4 b1=Q 89. g7+ Kd4 $19) (85. Qa5+ {Hecht} Kc2 86. Qf5+ Qd3 87. Qc5+ Kd1
88. Qg1+ Kd2 89. Qf2+ $11) 85... Kd2 86. Qb5 Qg1+ 0-1